000 00325nam a22001457a 4500
003 SGT
082 _a346.170954,MAL
100 _a MALHOTRA, ANIL
245 _aSURROGACY IN INDIA A LAW IN THE MAKING
250 _a1ST
260 _aNEW DELHI
_bUNIVERSAL BOOK
_c2013
300 _a183
650 _aSURROGACY
942 _2ddc
_cBK
999 _c9789
_d9789